| 000 | 00570nam a22001815i 4500 | ||
|---|---|---|---|
| 001 | 99036 | ||
| 003 | ES-MaACL | ||
| 005 | 20230906182427.0 | ||
| 007 | t| | ||
| 008 | 950920s1859 fr ||||1| fre d | ||
| 100 | 1 |
_aEnnery, Adolphe d'. _947251 |
|
| 245 | 1 | 3 |
_aLe naufrage de la Pérouse _b: drame en cinq actes et neuf tableaux / _cpar D'Ennery, De Jallais et Thièry. |
| 260 |
_aParis : _bMichel Lèvy Frères, _c1859. |
||
| 300 |
_a103 p. ; _c19 cm. |
||
| 700 | 1 |
_aJallais, Amédée de. _965948 |
|
| 700 | 1 |
_aThiéry, Henri. _9109960 |
|
| 852 | 4 |
_aES-MaACL _jT-727-F-4 |
|
| 999 |
_c99036 _d99036 |
||